[Event "Outaouais-ch Reserves"]
[Site "Gatineau CAN"]
[Date "2019.04.23"]
[Round "5"]
[White "Sabourin, Yves"]
[Black "Ethier, Valori"]
[Result "1-0"]
[WhiteElo "1410"]
[BlackElo "1419"]
[PlyCount "85"]
[EventDate "2019.03.20"]
[EventType "swiss"]
[EventRounds "8"]
[EventCountry "CAN"]

1. e4 c6 2. d4 d5 3. e5 Bf5 4. Nf3 e6 5. Be2 Nd7 6. O-O c5 7. c3 a6 8. b3 cxd4
9. Nxd4 Bxb1 10. Rxb1 Nxe5 11. Bf4 Bd6 12. b4 Ne7 13. Bxe5 Bxe5 14. f4 Bxd4+
15. Qxd4 Nf5 16. Qf2 O-O 17. Bd3 Qf6 18. g4 Qh4 19. gxf5 Qxf2+ 20. Kxf2 Rac8
21. Rbc1 b5 22. Rg1 Rc6 23. fxe6 fxe6 24. Ke3 Rc7 25. Rg2 d4+ 26. Kxd4 Rxf4+
27. Ke3 Rcf7 28. Be4 Rh4 29. Rcc2 Rff4 30. Bb7 e5 31. Bd5+ Kf8 32. Rcf2 Rh3+
33. Kd2 h6 34. Bb7 g5 35. Bxa6 e4 36. Rxf4+ gxf4 37. Bc8 Rd3+ 38. Kc2 Re3 39.
Rf2 Ke7 40. Ba6 f3 41. Bxb5 Re1 42. Rf1 e3 43. Rxe1 1-0

[Event "Outaouais-ch Reserves"]
[Site "Gatineau CAN"]
[Date "2019.04.23"]
[Round "5"]
[White "Sun, Roy"]
[Black "Jobin, Gilles G"]
[Result "0-1"]
[WhiteElo "1424"]
[BlackElo "1755"]
[PlyCount "88"]
[EventDate "2019.03.20"]
[EventType "swiss"]
[EventRounds "8"]
[EventCountry "CAN"]

1. d4 d5 2. Bf4 Nf6 3. Nc3 e6 4. Qd3 c6 5. f3 Qb6 6. O-O-O Be7 7. g4 h6 8. h4
Bd7 9. e4 dxe4 10. fxe4 Na6 11. Qd2 Bb4 12. a3 Nxe4 13. Qe3 Nxc3 14. bxc3 Bxa3+
15. Kd2 Be7 16. Nf3 Qd8 17. Ne5 Nc7 18. Bd3 Nd5 19. Qf3 Nxf4 20. Qxf4 Bf6 21.
Rhf1 Qe7 22. Rb1 b5 23. c4 b4 24. c5 Bxe5 25. Qxe5 Qxh4 26. Rxb4 Qg5+ 27. Kc3
Qxe5 28. dxe5 Ke7 29. Rbf4 Rhf8 30. Kb4 f6 31. exf6+ Rxf6 32. Rxf6 gxf6 33. Rh1
Rh8 34. Ka5 Rg8 35. Be2 Rg5 36. Ka6 Rxc5 37. Bd1 Rg5 38. Rxh6 e5 39. Kxa7 Bxg4
40. Bxg4 Rxg4 41. Kb6 Rc4 42. Rh2 Ke6 43. Kc7 e4 44. Re2 f5 0-1

[Event "Outaouais-ch Reserves"]
[Site "Gatineau CAN"]
[Date "2019.04.23"]
[Round "5"]
[White "Traversy, Pierre"]
[Black "Fang, Johnny"]
[Result "0-1"]
[WhiteElo "1193"]
[BlackElo "1096"]
[PlyCount "116"]
[EventDate "2019.03.20"]
[EventType "swiss"]
[EventRounds "8"]
[EventCountry "CAN"]

1. d4 Nf6 2. c4 d5 3. Nf3 Bf5 4. c5 b6 5. cxb6 axb6 6. Nc3 c5 7. e3 Nc6 8. Bb5
Bd7 9. a3 Na5 10. O-O Bxb5 11. Nxb5 Qd7 12. a4 cxd4 13. exd4 Ne4 14. Ne5 Qb7
15. f3 Nd6 16. Nxd6+ exd6 17. Ng4 Be7 18. Re1 O-O 19. Ne3 Bh4 20. Re2 Nc4 21.
b3 Nxe3 22. Bxe3 Qa6 23. Bf4 b5 24. Rea2 b4 25. Qf1 Qb6 26. Qd3 Bf6 27. Be3
Rfe8 28. Rd1 Rac8 29. Rc2 Rxc2 30. Qxc2 Rxe3 31. Qc8+ Qd8 32. Rc1 Re1+ 33. Kf2
Rxc1 34. Qxc1 Bxd4+ 35. Kf1 h6 36. Qd1 Be5 37. g3 Qa5 38. f4 Qa6+ 39. Qe2 Qxe2+
40. Kxe2 Bd4 41. Kd3 Bg1 42. h3 f6 43. f5 Kf7 44. Ke2 Ke7 45. Kf1 Ba7 46. Ke2
Kd7 47. Kd3 Kc6 48. Kc2 Kc5 49. Kd3 d4 50. Kd2 Kd5 51. Kd3 Ke5 52. a5 Kxf5 53.
Kc4 Bc5 54. a6 Ke4 55. g4 Kf3 56. a7 Bxa7 57. Kxb4 Kg3 58. Kc4 Kxh3 0-1

[Event "Outaouais-ch Reserves"]
[Site "Gatineau CAN"]
[Date "2019.04.30"]
[Round "6"]
[White "Cayen, Jean-Philippe"]
[Black "Fang, Zhou"]
[Result "1-0"]
[WhiteElo "1437"]
[BlackElo "1408"]
[PlyCount "97"]
[EventDate "2019.03.20"]
[EventType "swiss"]
[EventRounds "8"]
[EventCountry "CAN"]

1. g3 d5 2. e3 Nf6 3. Bg2 c5 4. b3 Nc6 5. Bb2 e5 6. d3 Be6 7. Nd2 Be7 8. Ne2
Qd7 9. Nf3 d4 10. Ng5 Nd5 11. Nxe6 Qxe6 12. exd4 cxd4 13. O-O O-O 14. a3 a5 15.
Re1 Rfd8 16. Nxd4 Nxd4 17. Bxd4 f6 18. Bb2 Rac8 19. Rc1 b5 20. Qh5 a4 21. Bh3
Qc6 22. Bxc8 Rxc8 23. Qg4 Rf8 24. bxa4 bxa4 25. Qe4 Qd7 26. c4 Nc7 27. Ra1 f5
28. Qb7 f4 29. Bxe5 Bd6 30. Bxd6 Qxd6 31. Qe4 fxg3 32. hxg3 Qf6 33. Rf1 g6 34.
d4 Re8 35. Qb1 Ne6 36. d5 Nc5 37. Qb5 Rc8 38. Rae1 Qf7 39. Re2 Kg7 40. Rfe1 Kh6
41. Re7 Qf3 42. d6 Nd3 43. Rf1 Rf8 44. Re3 Qg4 45. Rxd3 Rf5 46. Qd7 Qe4 47. Rd5
Rf3 48. Qh3+ Kg7 49. d7 1-0

[Event "Outaouais-ch Reserves"]
[Site "Gatineau CAN"]
[Date "2019.04.30"]
[Round "6"]
[White "Danilov, Alex"]
[Black "Latreille, Etienne"]
[Result "1/2-1/2"]
[WhiteElo "1628"]
[BlackElo "1674"]
[PlyCount "73"]
[EventDate "2019.03.20"]
[EventType "swiss"]
[EventRounds "8"]
[EventCountry "CAN"]

1. Nf3 e6 2. c4 c5 3. d4 cxd4 4. Nxd4 Nf6 5. Nc3 Bb4 6. Qc2 Nc6 7. Nxc6 bxc6 8.
a3 Be7 9. e4 d5 10. cxd5 exd5 11. exd5 Nxd5 12. Bd3 Be6 13. O-O h6 14. Re1 O-O
15. Ne4 Qb6 16. b4 Rab8 17. Bb2 a5 18. Be5 Rbd8 19. bxa5 Qxa5 20. Ng3 Nf6 21.
Bc3 Qa7 22. Bf5 Bd5 23. Ne4 Nxe4 24. Bxe4 Rfe8 25. Bh7+ Kh8 26. Be4 Bc5 27. Qd2
Kg8 28. Bxd5 Rxe1+ 29. Rxe1 cxd5 30. Bb4 Bxb4 31. Qxb4 Ra8 32. Ra1 Rb8 33. Qd2
Qxa3 34. Re1 Qd6 35. g3 Rd8 36. Qd4 Qf6 37. Re5 1/2-1/2

[Event "Outaouais-ch Reserves"]
[Site "Gatineau CAN"]
[Date "2019.04.30"]
[Round "6"]
[White "Fang, Johnny"]
[Black "Berthiaume, Serge"]
[Result "0-1"]
[WhiteElo "1096"]
[BlackElo "1422"]
[PlyCount "84"]
[EventDate "2019.03.20"]
[EventType "swiss"]
[EventRounds "8"]
[EventCountry "CAN"]

1. d4 d5 2. c4 e6 3. Nc3 Nf6 4. Bf4 c6 5. e3 Na6 6. a3 Nc7 7. b4 Bd6 8. Bxd6
Qxd6 9. c5 Qe7 10. Bd3 e5 11. Bc2 exd4 12. Qxd4 Ne6 13. Nf3 Nxd4 14. Nxd4 O-O
15. O-O Be6 16. h3 Nd7 17. e4 f5 18. exd5 cxd5 19. Rfe1 Rf6 20. Nxd5 Qf7 21.
Nxf6+ Qxf6 22. Nxe6 Re8 23. Bb3 Kh8 24. Kh1 Nf8 25. Nxf8 Qxf8 26. Ba4 Re7 27.
c6 bxc6 28. Bxc6 g6 29. Rad1 Rxe1+ 30. Rxe1 Kg7 31. Re6 Qd8 32. Bf3 Qg5 33. Re1
Qd2 34. Re7+ Kh6 35. Rxa7 Qxf2 36. Re7 Qb2 37. Ra7 Qc1+ 38. Kh2 Qf4+ 39. Kh1
Qe3 40. Ra5 Kg5 41. Bg4 Kh4 42. Bxf5 Kg3 0-1

[Event "Outaouais-ch Reserves"]
[Site "Gatineau CAN"]
[Date "2019.04.30"]
[Round "6"]
[White "Jobin, Gilles G"]
[Black "Lemieux, Richard"]
[Result "1-0"]
[WhiteElo "1755"]
[BlackElo "1647"]
[PlyCount "91"]
[EventDate "2019.03.20"]
[EventType "swiss"]
[EventRounds "8"]
[EventCountry "CAN"]

1. e4 d6 2. d4 Nf6 3. Nc3 g6 4. f4 Bg7 5. Nf3 Bg4 6. Be3 c6 7. h3 Bxf3 8. Qxf3
Qb6 9. O-O-O O-O 10. Bc4 a5 11. a3 Qc7 12. e5 Ne8 13. a4 d5 14. Bd3 e6 15. g4
Qd7 16. Ne2 c5 17. Bb5 Nc6 18. dxc5 Qe7 19. Nd4 Nxd4 20. Bxd4 f6 21. Qe3 f5 22.
g5 h6 23. gxh6 Bxh6 24. h4 Ng7 25. Rdg1 Kh7 26. Be2 Nh5 27. Bxh5 gxh5 28. Qf3
Qf7 29. Kd1 Rg8 30. Rxg8 Rxg8 31. Rg1 Rg4 32. Rxg4 fxg4 33. Qd3+ Kg8 34. Be3
Kg7 35. Qd2 Qe7 36. f5 Bxe3 37. f6+ Kf7 38. Qxe3 Qf8 39. Qg5 Qh8 40. Qd2 Kg6
41. Qxa5 Qb8 42. Qc3 Qc7 43. Qe3 Qh7 44. Qg5+ Kf7 45. b4 Qh8 46. b5 1-0

[Event "Outaouais-ch Reserves"]
[Site "Gatineau CAN"]
[Date "2019.04.30"]
[Round "6"]
[White "Labelle, Raymond"]
[Black "Dupont-Mageau, Nicolas"]
[Result "0-1"]
[WhiteElo "1377"]
[BlackElo "1558"]
[PlyCount "106"]
[EventDate "2019.03.20"]
[EventType "swiss"]
[EventRounds "8"]
[EventCountry "CAN"]

1. e4 e5 2. Nf3 Nc6 3. Nc3 Nf6 4. d3 Bb4 5. Bd2 O-O 6. a3 Bxc3 7. Bxc3 d6 8. h3
Re8 9. Be2 Ne7 10. O-O Ng6 11. Bd2 Nh5 12. Nxe5 Ng3 13. fxg3 dxe5 14. Bh5 Qd4+
15. Kh1 Qxb2 16. Qf3 f6 17. Qf2 Qxc2 18. Qe3 Qc6 19. Rac1 Qb6 20. Qe2 c6 21.
Rb1 Qc7 22. Bb4 c5 23. Rbc1 b6 24. Qf2 Qd6 25. Bc3 Qxd3 26. Bxg6 hxg6 27. Bxe5
Rxe5 28. Rcd1 Qb5 29. Rd8+ Re8 30. Rfd1 Be6 31. R8d2 Qc6 32. Qf4 g5 33. Qe3 Qc7
34. Rf2 Rad8 35. Rdf1 Bc4 36. Rc1 Rd3 37. Qe2 Rc3 38. Qb2 Rxc1+ 39. Qxc1 Ba6
40. Qe3 c4 41. Qc3 Qe5 42. Qb4 Qc5 43. Qb2 c3 44. Qa2+ Qc4 45. Qc2 Rxe4 46. Rf3
Qe2 47. Qb3+ Bc4 48. Qa4 Bf7 49. Qxa7 Qd1+ 50. Kh2 Re1 51. g4 Rh1+ 52. Kg3 Qe1+
53. Rf2 Qe5+ 0-1

[Event "Outaouais-ch Reserves"]
[Site "Gatineau CAN"]
[Date "2019.04.30"]
[Round "6"]
[White "Sabourin, Yves"]
[Black "Lecorre, Joel"]
[Result "1-0"]
[WhiteElo "1410"]
[BlackElo "1559"]
[PlyCount "89"]
[EventDate "2019.03.20"]
[EventType "swiss"]
[EventRounds "8"]
[EventCountry "CAN"]

1. e4 e5 2. Nf3 Nc6 3. Bc4 Bc5 4. c3 d6 5. d3 Nf6 6. O-O O-O 7. Bg5 a6 8. b4
Ba7 9. a4 Qe7 10. Nbd2 Be6 11. Qb3 Rab8 12. Bxe6 fxe6 13. b5 Nd8 14. d4 exd4
15. cxd4 Qf7 16. Rfb1 h6 17. Be3 Ng4 18. Qd3 Nxe3 19. fxe3 a5 20. Rf1 Qe7 21.
Rab1 Nf7 22. Nc4 b6 23. Rbc1 Rbc8 24. e5 d5 25. Qa3 Qd7 26. Ncd2 c5 27. bxc6
Rxc6 28. Rxc6 Qxc6 29. Rc1 Qd7 30. Qc3 Rd8 31. Qc7 Nh8 32. Rc6 Kf7 33. Nb1 Ke7
34. Na3 Qxc7 35. Rxc7+ Rd7 36. Rc6 Rb7 37. Nb5 Bb8 38. Ne1 Nf7 39. h4 Kd7 40.
Rc2 Bc7 41. Rf2 Ke7 42. Nd3 g5 43. Rf6 Bd8 44. Rxf7+ Kxf7 45. Nd6+ 1-0

[Event "Outaouais-ch Reserves"]
[Site "Gatineau CAN"]
[Date "2019.04.30"]
[Round "6"]
[White "Scantland, Patrick"]
[Black "Lavergne, Daniel"]
[Result "1/2-1/2"]
[WhiteElo "1803"]
[BlackElo "1610"]
[PlyCount "76"]
[EventDate "2019.03.20"]
[EventType "swiss"]
[EventRounds "8"]
[EventCountry "CAN"]

1. Nf3 Nf6 2. d4 g6 3. c4 Bg7 4. Nc3 d5 5. Bf4 c6 6. e3 O-O 7. h3 a5 8. Bd3 Na6
9. a3 dxc4 10. Bxc4 Nd5 11. Nxd5 cxd5 12. Bd3 Qb6 13. Qe2 Be6 14. O-O Rfc8 15.
Rfc1 Nc7 16. Rc2 Ne8 17. Rac1 Nd6 18. Ng5 Rc6 19. Nxe6 fxe6 20. g4 Rac8 21. Kg2
Qb3 22. Rxc6 Rxc6 23. Rxc6 bxc6 24. Qc2 Qxc2 25. Bxc2 Nc4 26. Bc7 e5 27. dxe5
Bxe5 28. Bxe5 Nxe5 29. b4 axb4 30. axb4 e6 31. f4 Nc4 32. Kf2 Nb6 33. Bd3 e5
34. fxe5 Nd7 35. Ke2 Kf7 36. e4 Ke6 37. exd5+ cxd5 38. b5 Kxe5 1/2-1/2

[Event "Outaouais-ch Reserves"]
[Site "Gatineau CAN"]
[Date "2019.04.30"]
[Round "6"]
[White "Seguin, Hubert"]
[Black "Rioux, Jocelyn"]
[Result "0-1"]
[WhiteElo "1561"]
[BlackElo "1712"]
[PlyCount "72"]
[EventDate "2019.03.20"]
[EventType "swiss"]
[EventRounds "8"]
[EventCountry "CAN"]

1. e4 e6 2. d4 d5 3. Nc3 Nf6 4. e5 Nfd7 5. f4 c5 6. Nf3 Nc6 7. Bb5 Qb6 8. Bxc6
bxc6 9. Na4 Qa5+ 10. c3 cxd4 11. Nxd4 c5 12. Nf3 Ba6 13. b3 Bb5 14. Bd2 Bxa4
15. bxa4 c4 16. Nd4 Nb6 17. Qc2 Bc5 18. Rb1 Qxa4 19. Qxa4+ Nxa4 20. Kd1 O-O 21.
Kc2 Rfc8 22. Be3 Bb6 23. f5 Bxd4 24. Bxd4 exf5 25. Rb4 Nc5 26. Rb5 Nd3 27. Rhb1
Rd8 28. Rb7 a6 29. Re7 Rab8 30. Rbb7 Rxb7 31. Rxb7 Ne1+ 32. Kc1 Nxg2 33. e6 f6
34. Rd7 Re8 35. e7 Nf4 36. Bc5 Nd3+ 0-1

[Event "Outaouais-ch Reserves"]
[Site "Gatineau CAN"]
[Date "2019.04.30"]
[Round "6"]
[White "Villeneuve, Denis"]
[Black "Legare, Gilles"]
[Result "1-0"]
[WhiteElo "1483"]
[BlackElo "1096"]
[PlyCount "88"]
[EventDate "2019.03.20"]
[EventType "swiss"]
[EventRounds "8"]
[EventCountry "CAN"]

1. e4 e5 2. Nf3 Nc6 3. d4 d6 4. dxe5 dxe5 5. Qxd8+ Nxd8 6. Nxe5 Nf6 7. f3 Bc5
8. Nc3 O-O 9. Bg5 Ne6 10. Bxf6 gxf6 11. Ng4 c6 12. Nxf6+ Kh8 13. O-O-O Bd4 14.
Ng4 a5 15. Ne2 c5 16. c3 Bg7 17. Ng3 Nf4 18. h3 b6 19. Ne2 Nxe2+ 20. Bxe2 a4
21. Kc2 Be6 22. c4 a3 23. b3 Rad8 24. f4 f5 25. Rxd8 Rxd8 26. Ne3 fxe4 27. f5
Bc8 28. g4 Bd4 29. Nd5 e3 30. Nxb6 Bb7 31. Rd1 Be4+ 32. Bd3 Bf3 33. Re1 Bg2 34.
h4 Bf3 35. g5 Re8 36. Nd5 Be4 37. Nxe3 Bxd3+ 38. Kxd3 Be5 39. Nd5 Kg7 40. h5 h6
41. f6+ Kf7 42. g6+ Ke6 43. Nc7+ Kxf6 44. Nxe8+ Kg5 1-0

[Event "Outaouais-ch Reserves"]
[Site "Gatineau CAN"]
[Date "2019.04.30"]
[Round "6"]
[White "Zhao, Richie"]
[Black "Bourbonnais, Luc"]
[Result "0-1"]
[WhiteElo "1272"]
[BlackElo "1422"]
[PlyCount "62"]
[EventDate "2019.03.20"]
[EventType "swiss"]
[EventRounds "8"]
[EventCountry "CAN"]

1. e4 e5 2. Nf3 Nc6 3. Bc4 Nf6 4. Nc3 Nxe4 5. Nxe4 d5 6. Bxd5 Qxd5 7. Nc3 Qa5
8. Qe2 Bd6 9. Qe4 O-O 10. d3 Be6 11. Ng5 g6 12. Qh4 h5 13. Nge4 Be7 14. Bg5
Bxg5 15. Qxg5 Kg7 16. Nf6 Rh8 17. O-O Qc5 18. Nce4 Qe7 19. f4 h4 20. h3 Rh6 21.
fxe5 Rah8 22. Rf2 Rh5 23. Nxh5+ Rxh5 24. Qxe7 Nxe7 25. Raf1 Rxe5 26. Rf4 Nf5
27. Ng5 Ng3 28. Nxe6+ fxe6 29. Rf7+ Kh6 30. Rxc7 Re2 31. Rf2 Re1+ 0-1

[Event "Outaouais-ch Reserves"]
[Site "Gatineau CAN"]
[Date "2019.05.07"]
[Round "7"]
[White "Berthiaume, Serge"]
[Black "Sabourin, Yves"]
[Result "1-0"]
[WhiteElo "1433"]
[BlackElo "1410"]
[PlyCount "89"]
[EventDate "2019.03.20"]
[EventType "swiss"]
[EventRounds "8"]
[EventCountry "CAN"]

1. d4 Nf6 2. Bf4 e6 3. e3 g6 4. Nf3 Bg7 5. Bd3 d6 6. c3 b6 7. Nbd2 Nh5 8. Bg5
f6 9. Bh4 g5 10. Nxg5 fxg5 11. Qxh5+ Kd7 12. Bxg5 Qf8 13. Bh4 Bb7 14. Be4 d5
15. Bc2 Nc6 16. Bg3 Re8 17. Nf3 h6 18. Ba4 Re7 19. Be5 Kc8 20. Bxc6 Bxc6 21.
Bxg7 Qxg7 22. Ne5 Qxg2 23. O-O-O Be8 24. Qh4 Rg7 25. Rdg1 Qxg1+ 26. Rxg1 Rxg1+
27. Kd2 Rf8 28. Kc2 Rg2 29. Ng4 h5 30. Nf6 Bg6+ 31. Kb3 Bd3 32. Qh3 Bc4+ 33.
Ka3 Rxf2 34. Qxe6+ Kb7 35. Nd7 Rh8 36. Ne5 Rc8 37. h4 Re2 38. Nxc4 dxc4 39. e4
b5 40. d5 a6 41. Qc6+ Ka7 42. d6 cxd6 43. Qxc8 Rxe4 44. Qd7+ Ka8 45. Qc6+ 1-0

[Event "Outaouais-ch Reserves"]
[Site "Gatineau CAN"]
[Date "2019.05.07"]
[Round "7"]
[White "Dupont-Mageau, Nicolas"]
[Black "Jobin, Gilles G"]
[Result "1/2-1/2"]
[WhiteElo "1558"]
[BlackElo "1755"]
[PlyCount "49"]
[EventDate "2019.03.20"]
[EventType "swiss"]
[EventRounds "8"]
[EventCountry "CAN"]

1. e4 d6 2. d4 Nf6 3. Nc3 c6 4. Bc4 e6 5. Bb3 b5 6. a3 Nbd7 7. Be3 Bb7 8. f3
Qb6 9. Qe2 Qa5 10. Rd1 Ba6 11. Qd2 Be7 12. Nge2 O-O 13. Kf2 Rfe8 14. Nd5 Qxd2
15. Nxe7+ Rxe7 16. Rxd2 d5 17. e5 Ne8 18. Bg5 f6 19. Bh4 Rf7 20. exf6 Nexf6 21.
Nc3 Nb6 22. Re1 Re8 23. Kg1 Bc8 24. Ne2 Nc4 25. Bxc4 1/2-1/2

[Event "Outaouais-ch Reserves"]
[Site "Gatineau CAN"]
[Date "2019.05.07"]
[Round "7"]
[White "Fang, Zhou"]
[Black "Simard, Paul"]
[Result "1-0"]
[WhiteElo "1408"]
[BlackElo "1175"]
[PlyCount "61"]
[EventDate "2019.03.20"]
[EventType "swiss"]
[EventRounds "8"]
[EventCountry "CAN"]

1. e4 e5 2. Nf3 d6 3. Nc3 Be7 4. Bc4 Nf6 5. d3 O-O 6. O-O c6 7. Re1 b5 8. Bb3
Nbd7 9. Be3 a5 10. a3 h6 11. Nd2 Bb7 12. Qf3 Re8 13. Qg3 Nh5 14. Qf3 Ndf6 15.
g4 Nf4 16. Bxf4 exf4 17. Qxf4 Qd7 18. f3 Bd8 19. Nf1 Bb6+ 20. Kh1 Re7 21. Ng3
Bf2 22. Re2 Bxg3 23. Qxg3 Rae8 24. Nd1 d5 25. Ne3 dxe4 26. fxe4 Re5 27. Nf5 c5
28. g5 Rxf5 29. gxf6 Rxf6 30. Rg2 Rg6 31. Qxg6 1-0

[Event "Outaouais-ch Reserves"]
[Site "Gatineau CAN"]
[Date "2019.05.07"]
[Round "7"]
[White "Latreille, Etienne"]
[Black "Scantland, Patrick"]
[Result "1-0"]
[WhiteElo "1674"]
[BlackElo "1803"]
[PlyCount "37"]
[EventDate "2019.03.20"]
[EventType "swiss"]
[EventRounds "8"]
[EventCountry "CAN"]

1. d4 Nf6 2. c4 e6 3. Nf3 d5 4. Nc3 Be7 5. e3 O-O 6. Be2 c5 7. dxc5 Bxc5 8. a3
a5 9. O-O Nc6 10. Qc2 d4 11. exd4 Bxd4 12. Rd1 Qb6 13. Na4 Qa7 14. c5 e5 15.
Nb6 Rb8 16. Be3 Bxe3 17. fxe3 e4 18. Nd4 Re8 19. Nb5 1-0

[Event "Outaouais-ch Reserves"]
[Site "Gatineau CAN"]
[Date "2019.05.07"]
[Round "7"]
[White "Lavergne, Daniel"]
[Black "Danilov, Alex"]
[Result "1-0"]
[WhiteElo "1610"]
[BlackElo "1628"]
[PlyCount "37"]
[EventDate "2019.03.20"]
[EventType "swiss"]
[EventRounds "8"]
[EventCountry "CAN"]

1. e4 c5 2. Nf3 Nc6 3. d4 cxd4 4. Nxd4 g6 5. Nc3 Bg7 6. Be3 Nf6 7. Nxc6 bxc6 8.
e5 Ng8 9. f4 d6 10. Qf3 Nh6 11. Qxc6+ Bd7 12. Qa6 dxe5 13. O-O-O exf4 14. Rxd7
Qxd7 15. Bb5 fxe3 16. Bxd7+ Kxd7 17. Rd1+ Kc7 18. Nb5+ Kb8 19. Rd7 1-0

[Event "Outaouais-ch Reserves"]
[Site "Gatineau CAN"]
[Date "2019.05.07"]
[Round "7"]
[White "Lecorre, Joel"]
[Black "Traversy, Pierre"]
[Result "1-0"]
[WhiteElo "1559"]
[BlackElo "1193"]
[PlyCount "83"]
[EventDate "2019.03.20"]
[EventType "swiss"]
[EventRounds "8"]
[EventCountry "CAN"]

1. e4 e5 2. Bc4 Nf6 3. d4 Bd6 4. Nf3 exd4 5. e5 Bb4+ 6. c3 Qe7 7. O-O d5 8.
exf6 Qd6 9. fxg7 Rg8 10. Bb3 dxc3 11. Qxd5 Qxd5 12. Bxd5 c6 13. Re1+ Be6 14.
bxc3 Be7 15. Bxe6 fxe6 16. Rxe6 Kf7 17. Re2 Bf6 18. Ba3 Rxg7 19. Ne5+ Bxe5 20.
Rxe5 Nd7 21. Re7+ Kg8 22. Rxg7+ Kxg7 23. Nd2 c5 24. Nf3 Re8 25. Kf1 b6 26. Re1
Rd8 27. c4 Rf8 28. Bb2+ Kg6 29. Ne5+ Nxe5 30. Rxe5 Rd8 31. Ke2 Kf7 32. f4 a6
33. g4 h6 34. h4 Rd6 35. Rd5 Re6+ 36. Be5 h5 37. g5 Kg6 38. Rd6 Kf5 39. Rxe6
Kxe6 40. g6 b5 41. Kd3 b4 42. Ke4 1-0

[Event "Outaouais-ch Reserves"]
[Site "Gatineau CAN"]
[Date "2019.05.07"]
[Round "7"]
[White "Legare, Gilles"]
[Black "Gribble, Nicolas"]
[Result "0-1"]
[WhiteElo "1096"]
[BlackElo "1226"]
[PlyCount "80"]
[EventDate "2019.03.20"]
[EventType "swiss"]
[EventRounds "8"]
[EventCountry "CAN"]

1. e4 c5 2. e5 Nc6 3. Nf3 d6 4. exd6 exd6 5. Be2 g6 6. c3 Bg7 7. O-O b6 8. d3
Nge7 9. Be3 Nf5 10. Bg5 Bf6 11. Qd2 Be6 12. Re1 d5 13. Bxf6 Qxf6 14. Ng5 O-O
15. Na3 d4 16. Nb5 Rac8 17. Nd6 Nxd6 18. c4 b5 19. Bf3 bxc4 20. Ne4 Nxe4 21.
Bxe4 c3 22. bxc3 dxc3 23. Qe3 Nb4 24. Bb7 Nc2 25. Qf3 Qxf3 26. gxf3 Rc7 27. Be4
Nxe1 28. Rxe1 Bxa2 29. Rc1 f5 30. Rc2 fxe4 31. fxe4 Rf3 32. Rxa2 Rxd3 33. Kf1
Rb7 34. Ra5 Rb2 35. Rxc5 Rb1+ 36. Kg2 c2 37. Rc8+ Kf7 38. Rc7+ Ke6 39. Rb7 c1=Q
40. Rxa7 Qg1# 0-1

[Event "Outaouais-ch Reserves"]
[Site "Gatineau CAN"]
[Date "2019.05.07"]
[Round "7"]
[White "Lemieux, Richard"]
[Black "Seguin, Hubert"]
[Result "1/2-1/2"]
[WhiteElo "1647"]
[BlackElo "1561"]
[PlyCount "104"]
[EventDate "2019.03.20"]
[EventType "swiss"]
[EventRounds "8"]
[EventCountry "CAN"]

1. e4 c5 2. Nf3 Nc6 3. d4 cxd4 4. Nxd4 Nf6 5. Nc3 d6 6. Bc4 g6 7. O-O Bg7 8.
Nxc6 bxc6 9. e5 dxe5 10. Qxd8+ Kxd8 11. Be3 e6 12. Rad1+ Nd5 13. Ne4 Kc7 14.
Bc5 Rd8 15. Bb3 f5 16. Ng5 h6 17. Nh3 Bf8 18. Bxf8 Rxf8 19. Rfe1 e4 20. Rd2 Bd7
21. Red1 g5 22. Kf1 Rad8 23. Ke1 Bc8 24. g3 Nf6 25. Ng1 Rxd2 26. Rxd2 Rd8 27.
Rxd8 Kxd8 28. Bc4 Ke7 29. b4 e5 30. a4 Be6 31. Bxe6 Kxe6 32. c4 Nd7 33. a5 Kd6
34. Ne2 Nb8 35. Kd2 h5 36. h4 g4 37. Kc3 Na6 38. Kb3 Nc7 39. Kc3 a6 40. Kb3 Ne6
41. Kc3 f4 42. Kd2 e3+ 43. fxe3 f3 44. Nc3 Nc7 45. Ne4+ Ke6 46. Nc5+ Kf5 47.
e4+ Kf6 48. Ke3 Ke7 49. Nd3 Kd6 50. Nc5 Ke7 51. Na4 Kd6 52. Nc3 Ke7 1/2-1/2

[Event "Outaouais-ch Reserves"]
[Site "Gatineau CAN"]
[Date "2019.05.07"]
[Round "7"]
[White "Rioux, Jocelyn"]
[Black "Labelle, Raymond"]
[Result "0-1"]
[WhiteElo "1712"]
[BlackElo "1377"]
[PlyCount "110"]
[EventDate "2019.03.20"]
[EventType "swiss"]
[EventRounds "8"]
[EventCountry "CAN"]

1. e4 e6 2. d4 d5 3. Nc3 dxe4 4. Nxe4 Nf6 5. Bd3 Nxe4 6. Bxe4 Nc6 7. Bxc6+ bxc6
8. Ne2 Be7 9. O-O O-O 10. Be3 Ba6 11. Re1 Bd6 12. c3 Qh4 13. h3 Bc4 14. b3 Bd5
15. c4 Be4 16. Qd2 Be7 17. Bf4 Rfc8 18. Nc3 Bf5 19. Bg3 Qf6 20. Bf4 Rd8 21. Be5
Qh4 22. Qf4 Qxf4 23. Bxf4 Rd7 24. d5 cxd5 25. cxd5 Bb4 26. Re3 exd5 27. Bxc7 d4
28. Rf3 Bxc3 29. Rc1 Be4 30. Rg3 Rxc7 31. Rg4 Bf5 32. Rxd4 Rac8 33. Rd5 Be6 34.
Rd3 g6 35. Rcd1 Bf6 36. b4 Rc1 37. a3 Rxd1+ 38. Rxd1 Bb2 39. a4 Rc1 40. Rxc1
Bxc1 41. Kf1 Bd2 42. b5 Ba5 43. Ke2 Bb3 44. Kd3 Bxa4 45. Kc4 Bb6 46. f4 f5 47.
g3 Bf2 48. g4 fxg4 49. hxg4 Bd1 50. g5 Be3 51. b6 axb6 52. Kb5 Be2+ 53. Kb4 b5
54. Kb3 Bxf4 55. Kc3 Bxg5 0-1

[Event "Outaouais-ch Reserves"]
[Site "Gatineau CAN"]
[Date "2019.05.07"]
[Round "7"]
[White "Villeneuve, Denis"]
[Black "Pearce, Thomas"]
[Result "1-0"]
[WhiteElo "1483"]
[BlackElo "1499"]
[PlyCount "57"]
[EventDate "2019.03.20"]
[EventType "swiss"]
[EventRounds "8"]
[EventCountry "CAN"]

1. e4 c5 2. Nf3 e6 3. d4 cxd4 4. Nxd4 a6 5. Nc3 Qc7 6. a3 Nf6 7. Be3 Be7 8. Be2
O-O 9. f3 d6 10. Qd2 Nbd7 11. g4 Ne5 12. Rg1 b6 13. O-O-O Bb7 14. h4 Nc4 15.
Bxc4 Qxc4 16. Nde2 b5 17. Nf4 Rad8 18. g5 Nd7 19. h5 f5 20. gxf6 Bxf6 21. Qxd6
Kf7 22. Qd3 Ne5 23. Qxc4 Rxd1+ 24. Rxd1 bxc4 25. Nfe2 Kg8 26. f4 Nf3 27. e5 Bh4
28. Nd4 Nxd4 29. Rxd4 1-0

[Event "Outaouais-ch Reserves"]
[Site "Gatineau CAN"]
[Date "2019.05.07"]
[Round "7"]
[White "Zhao, Richie"]
[Black "Fang, Johnny"]
[Result "0-1"]
[WhiteElo "1272"]
[BlackElo "1096"]
[PlyCount "58"]
[EventDate "2019.03.20"]
[EventType "swiss"]
[EventRounds "8"]
[EventCountry "CAN"]

1. e4 e5 2. Nf3 Nc6 3. Bc4 Nf6 4. Nc3 Bc5 5. O-O d6 6. h3 a6 7. d3 b5 8. Bd5
Nxd5 9. Nxd5 Nb4 10. Nxb4 Bxb4 11. c3 Bc5 12. Be3 Bxe3 13. fxe3 c5 14. d4 cxd4
15. cxd4 exd4 16. exd4 d5 17. Qe2 Be6 18. Ng5 Qxg5 19. exd5 Qxd5 20. Qe3 O-O
21. b3 Rfd8 22. Rf4 g5 23. Qg3 Kh8 24. Rf3 Qxd4+ 25. Kh2 Qxa1 26. Qxg5 Rd5 27.
Qh6 Qe5+ 28. Rg3 Rd6 29. Qh4 Rg8 0-1

[Event "Outaouais-ch Reserves"]
[Site "Gatineau CAN"]
[Date "2019.05.14"]
[Round "8"]
[White "Arcand, Pierre"]
[Black "Lecorre, Joel"]
[Result "0-1"]
[WhiteElo "1249"]
[BlackElo "1559"]
[PlyCount "82"]
[EventDate "2019.03.20"]
[EventType "swiss"]
[EventRounds "8"]
[EventCountry "CAN"]

1. e4 e5 2. Nf3 Nc6 3. Nc3 Nf6 4. Bb5 d6 5. h3 a6 6. Bxc6+ bxc6 7. d4 Nd7 8.
dxe5 dxe5 9. Bg5 Be7 10. Bxe7 Qxe7 11. Qd2 Bb7 12. O-O-O Rd8 13. Qg5 f6 14. Qe3
c5 15. Nd5 Bxd5 16. exd5 Nb6 17. Qa3 Ra8 18. Rd2 O-O 19. b3 a5 20. Rhd1 Rfd8
21. c4 a4 22. Qb2 axb3 23. axb3 Qd6 24. Kc2 Rdb8 25. Qc3 Ra2+ 26. Kd3 Ra3 27.
Rb2 Na4 28. bxa4 Rxc3+ 29. Kxc3 Rxb2 30. Kxb2 Qb6+ 31. Kc2 Qb4 32. Ra1 Qxc4+
33. Kb2 e4 34. a5 Qb5+ 35. Kc2 Qd3+ 36. Kb2 exf3 37. gxf3 c4 38. a6 c3+ 39. Kb3
Qxd5+ 40. Kb4 c2 41. a7 Qd4+ 0-1